El Decamerón (Record no. 10764)
[ view plain ]
| 000 -LEADER | |
|---|---|
| campo de control de longitud fija | 01120cac a2200229 a 4500 |
| 003 - IDENTIFICADOR DE NÚMERO DE CONTROL | |
| campo de control | Co-PeBPM |
| 005 - FECHA Y HORA DE LA ÚLTIMA TRANSACCIÓN | |
| campo de control | 20260211114844.0 |
| 008 - DATOS DE LONGITUD FIJA--INFORMACIÓN GENERAL | |
| campo de control de longitud fija | 231129e1997||||ck |||||||||||||| ||spa|| |
| 020 ## - NÚMERO INTERNACIONAL ESTÁNDAR DEL LIBRO | |
| Número Internacional Estándar del Libro | 978-958-30-0116-1 |
| 040 0# - FUENTE DE CATALOGACIÓN | |
| Centro catalogador/agencia de origen | Co-PeBPM |
| Lengua de catalogación | spa |
| Centro/agencia transcriptor | Co-PeBPM |
| Centro/agencia modificador | rda |
| 041 ## - CÓDIGO DE IDIOMA | |
| Código de lengua del texto/banda sonora o título independiente | spa |
| 082 ## - NÚMERO DE LA CLASIFICACIÓN DECIMAL DEWEY | |
| Número de clasificación | 853 B664d |
| Número de edición | 22 |
| 100 1# - ENTRADA PRINCIPAL--NOMBRE DE PERSONA | |
| Nombre de persona | Boccaccio, Giovanni |
| 245 10 - MENCIÓN DEL TÍTULO | |
| Título | El Decamerón |
| 250 ## - MENCION DE EDICION | |
| Mención de edición | Primera edición |
| 260 ## - PUBLICACIÓN, DISTRIBUCIÓN, ETC. | |
| Lugar de publicación, distribución, etc. | Bogotá D.C - Colombia |
| Nombre del editor, distribuidor, etc. | :Panamericana Editorial Ltda |
| Fecha de publicación, distribución, etc. | ,1997 |
| 300 ## - DESCRIPCIÓN FÍSICA | |
| Extensión | 574 paginas |
| Dimensiones | ;20.5 centimetros |
| 500 ## - NOTA GENERAL | |
| Nota general | Incluye indice. |
| 520 ## - RESUMEN, ETC. | |
| Sumario, etc. | Obra literaria del siglo XIV que ha cautivado a lectores de todo el mundo por su mezcla única de humor del Renacimiento, pasión y reflexión sobre la vida humana. Pero además de su contenido intrigante y entretenido, esta obra también cuenta con algunas curiosidades que merecen la pena conocer. Desde la forma en que fue escrita hasta los diversos artistas que la han representado en obras de arte, el Decamerón es una obra llena de sorpresas e historias fascinantes |
| 650 14 - PUNTO DE ACCESO ADICIONAL DE MATERIA--TÉRMINO DE MATERIA | |
| Término de materia o nombre geográfico como elemento de entrada | Literatura |
| Fuente del encabezamiento o término | LEMB |
| 942 ## - ELEMENTOS DE ENTRADA SECUNDARIOS (KOHA) | |
| Fuente del sistema de clasificación o colocación | Clasificación Decimal Dewey |
| Tipo de ítem Koha | Libros |
| Estatus retirado | Estado de pérdida | Fuente del sistema de clasificación o colocación | Estado de daño | No para préstamo | Biblioteca de origen | Biblioteca actual | Fecha de adquisición | Total de préstamos | Signatura topográfica completa | Código de barras | Visto por última vez | Copia número | Precio de reemplazo | Tipo de ítem Koha | Colección | Ubicación en estantería |
|---|---|---|---|---|---|---|---|---|---|---|---|---|---|---|---|---|
| Clasificación Decimal Dewey | BIBLIOTECA PÚBLICA MUNICIPAL RAMON CORREA MEJIA | BIBLIOTECA PÚBLICA MUNICIPAL RAMON CORREA MEJIA | 09/04/2014 | 853 B664d | 33507 | 29/11/2023 | 1 | 29/11/2023 | Libros | |||||||
| Clasificación Decimal Dewey | BIBLIOTECA PÚBLICA MUNICIPAL RAMON CORREA MEJIA | BIBLIOTECA PÚBLICA MUNICIPAL RAMON CORREA MEJIA | 13/09/2017 | 853 B664d | 39194 | 29/11/2023 | 1 | 29/11/2023 | Libros | General | Colección general | |||||
| Clasificación Decimal Dewey | BIBLIOTECA SAN JOAQUIN | BIBLIOTECA SAN JOAQUIN | 13/09/2017 | 853 B664d | 63330 | 11/02/2026 | 1 | 29/11/2023 | Libros | General | Colección general |